02523nam a2200253Ia 45000010005000000080041000050100009000460410014000550820016000692450195000852600018002803000007002985200007003056300014003126300020003266300028003466300014003746300028003886500014004167000043004307000032004737000035005055201729005405265241029s9999 xx 000 0 und d a4967 aEspañol aMA-PSC-0001 0aFactores sociodemográficos que inciden en los trastornos del estado de ánimo, en mujeres víctimas de violencia de género en la Provincia Hermanas Mirabal, período enero-agosto 2012 aSanto Domingo a91 a12 aActitudes aConducta Humana aDesajustes Conductuales aViolencia aViolencia Intrafamiliar aViolencia easesoraViloria Santos, Juan Francisco eautoraAybar M., Dinardy M. eautoraRomero, María Antonia aEl estudio sobre los factores sociodemográficos que inciden en el estado de ánimo, en mujeres víctimas de violencia de género en la Provincia Hermanas Mirabal, tiene como propósito, identificar las mujeres víctimas de violencia de género; determinar los tipos de violencia que con mayor frecuencia sufren estas mujeres y establecer, bajo que circunstancia ocurren.La investigación está enmarcada bajo un estudio descriptivo,  desde un enfoque cuantitativo, con la aplicación de los métodos: deductivo, inductivo, de análisis y síntesis.  Las técnicas aplicadas son: recopilación documental y la encuesta, aplicadas a una población de 302 casos referidos a la Unidad de Atención de la Victima de Violencia Intrafamiliar.Luego de procesar y analizar los datos, se concluyó que la mayoría de casos han sido víctimas de violencia de género, predominando la física y verbal, el maltrato que más le afecta es la violencia psicológica y la forma de expresar el maltrato, es mediante la humillación. El total de las víctimas siente que se le violan los derechos como mujer y no han buscado ayuda en algún momento de su vida.  Las mujeres víctimas de violencia de género, recurren a instituciones alusivas para tratar esta problemática, donde se sienten en su mayoría protegidas.Uno de los motivos que se llega a violencia, es producto de las drogas y/o alcohol.  Se conoció que las primeras agresiones en la pareja comenzaron tras tener hijos, donde se sienten muy tristes, a pesar de que la mayoría no siente ningún tipo de culpabilidad por algún suceso acontecido. Las mujeres tienen la autoestima baja, donde diaria o semanalmente sienten depresión.